000 00619nam a2200229Ia 4500
003 OSt
005 20221006164717.0
006 a|||||r|||| 00| 0
007 ta
008 221006b |||||||| |||| 00| 0 eng d
024 _a1,798
037 _cTextual
040 _aFML
_cFML
_beng
041 _2eng
_aeng
082 _aO152,1J32:g, 111L7
100 _aNagendra Ed.
245 0 _aTulsidasa
_b His Mind and Art
260 _aNew Delhi
_bNational Publishing House
_c1977
300 _a318
_ccm.
942 _hO152,1J32:g, 111L7
_cTEXL
_2CC
999 _c1118190
_d1118190